LEADER 05380nam 2200673Ia 450 001 9910139504303321 005 20210719045229.0 010 $a1-282-16482-1 010 $a9786612164828 010 $a0-470-61089-1 010 $a0-470-39348-3 035 $a(CKB)2550000000005886 035 $a(EBL)477674 035 $a(OCoLC)521028364 035 $a(SSID)ssj0000344523 035 $a(PQKBManifestationID)11297017 035 $a(PQKBTitleCode)TC0000344523 035 $a(PQKBWorkID)10307164 035 $a(PQKB)10034580 035 $a(MiAaPQ)EBC477674 035 $a(EXLCZ)992550000000005886 100 $a20070522d2008 uy 0 101 0 $aeng 135 $aur|n|---||||| 181 $ctxt$2rdacontent 182 $cc$2rdamedia 183 $acr$2rdacarrier 200 10$aWireless ad hoc and sensor networks /$fedited by Houda Labiod 210 1$aLondon :$cISTE,$d[2008] 215 $a1 online resource (xii, 317 pages) 225 1 $aISTE ;$vv.6 300 $aDescription based upon print version of record. 311 $a1-84821-003-5 320 $aIncludes bibliographical references and index. 327 $aWireless Ad Hoc and Sensor Networks; Table of Contents; Chapter 1. Introduction; Chapter 2. Ad Hoc Networks: Principles and Routing; 2.1. Introduction; 2.2. Hertzian connection; 2.2.1. Physical layer impact; 2.2.2. Shared access to medium; 2.2.3. Flooding; 2.3. Routing; 2.3.1. Dynamic source routing (DSR); 2.3.2. Ad hoc on-demand distance vector (AODV); 2.3.3. Optimized link state routing (OLSR); 2.3.4. Topology based on reverse-path forwarding (TBRPF); 2.3.5. Zone-based hierarchical link state routing protocol (ZRP); 2.3.6. Location-aided routing (LAR); 2.4. Conclusion; 2.5. Bibliography 327 $aChapter 3. Quality of Service Support in MANETs3.1. Introduction to QoS; 3.1.1. Different QoS requirements; 3.1.2. Chapter structure; 3.2. Mobile ad hoc networks and QoS objectives; 3.2.1. Characteristics of mobile ad hoc networks and QoS; 3.2.1.1. Radio interference; 3.2.1.2. Limited resources; 3.2.1.3. Large dynamicity of a mobile ad hoc network; 3.2.1.4. Broadcast and multihop transmission; 3.2.1.5. Decentralized control; 3.2.2. Routing in mobile ad hoc networks; 3.2.2.1. AODV: a reactive routing protocol; 3.2.2.2. OLSR: a proactive routing protocol 327 $a3.2.2.3. Comparative OLSR and AODV performance evaluation3.2.3. Realistic QoS objectives; 3.3. QoS architecture and relative QoS state of the art; 3.3.1. Different QoS components; 3.3.2. QoS models; 3.3.2.1. INSIGNIA approach; 3.3.2.2. SWAN approach; 3.3.2.3. FQMM approach; 3.3.2.4. Cross-layering approach; 3.3.3. QoS signaling; 3.3.4. QoS routing; 3.3.4.1. Complexity of QoS routing; 3.3.4.2. QoS extension of AODV; 3.3.4.3. QoS extensions of OLSR; 3.4. An example of QoS support: QoS OLSR; 3.4.1. Description of QoS OLSR; 3.4.2. Performance evaluation; 3.5. Conclusion; 3.5.1. Summary 327 $a3.5.2. Perspectives3.6. Bibliography; Chapter 4. Multicast Ad Hoc Routing; 4.1. Introduction; 4.2. Multicast routing in MANETs: a brief state of the art; 4.2.1. Classification; 4.2.2. Summary; 4.3. SRMP; 4.3.1. Description; 4.3.1.1. Selection criteria for FG nodes; 4.3.2. Operation; 4.3.2.1. Route request phase; 4.3.2.2. Reply phase and FG node selection; 4.3.2.3. Data forwarding; 4.3.3. Maintenance procedures; 4.3.3.1. Notification of neighbor existence mechanism; 4.3.3.2. Mesh refresh mechanism; 4.3.3.3. Link repair mechanism; 4.3.3.4. Pruning scheme; 4.4. Properties 327 $a4.5. Simulation results and analysis4.6. Conclusion; 4.7. Bibliography; Chapter 5. Self-organization of Ad Hoc Networks: Concepts and Impacts; 5.1. Introduction; 5.2. Self-organization: definition and objectives; 5.2.1. Definition; 5.2.2. Principles and objectives; 5.2.3. Local or distributed decisions?; 5.3. Some key points for self-organization; 5.3.1. Emergence of global behavior from local rules; 5.3.2. Local interactions and node coordination; 5.3.3. Minimizing network state information; 5.3.4. Dynamic environment adaptation; 5.4. Self-organization: a state of the art 327 $a5.4.1. Classification 330 $aTwo new fields have recently appeared: mobile ad hoc networks and sensor networks. The emergence of these very promising systems is mainly due to great technological progress in the field of wireless communication protocols; these will make it possible to offer a broad range of new applications in both civilian and militarian domains. The inherent characteristics of these systems imply new challenges. This book deals with several relevant fields related to the evolution of these spontaneous and self-organized networks. The authors tackle critical problems such as the design of unicast/multicas 410 0$aISTE 606 $aComputer networks 606 $aSensor networks 606 $aWireless communication systems$xDesign and construction 615 0$aComputer networks. 615 0$aSensor networks. 615 0$aWireless communication systems$xDesign and construction. 676 $a621.382/1 676 $a621.3821 686 $aST 200$2rvk 701 $aLabiod$b Houda$0935097 801 0$bMiAaPQ 801 1$bMiAaPQ 801 2$bMiAaPQ 906 $aBOOK 912 $a9910139504303321 996 $aWireless ad hoc and sensor networks$92105834 997 $aUNINA LEADER 04653nam 2200697 450 001 9910822202103321 005 20200903223051.0 010 $a90-04-25306-8 035 $a(CKB)2550000001114840 035 $a(EBL)1367806 035 $a(OCoLC)857800615 035 $a(SSID)ssj0000983487 035 $a(PQKBManifestationID)11611503 035 $a(PQKBTitleCode)TC0000983487 035 $a(PQKBWorkID)11010935 035 $a(PQKB)10295621 035 $a(MiAaPQ)EBC1367806 035 $a(nllekb)BRILL9789004253063 035 $a(Au-PeEL)EBL1367806 035 $a(CaPaEBR)ebr10757063 035 $a(CaONFJC)MIL514712 035 $a(PPN)178907138 035 $a(EXLCZ)992550000001114840 100 $a20130604d2013 uy| 0 101 0 $aeng 135 $aurun####uuuua 181 $ctxt 182 $cc 183 $acr 200 00$aNot dead things $ethe dissemination of popular print in England and Wales, Italy, and the Low Countries, 1500-1820 /$fedited by Jeroen Salman, Roeland Harms, Joad Raymond 210 1$aLeiden ;$aBoston :$cBrill,$d2013. 215 $a1 online resource (358 p.) 225 1 $aLibrary of the written word,$x1874-4834 ;$vvolume 30 300 $aDescription based upon print version of record. 311 $a90-04-25305-X 311 $a1-299-83461-2 320 $aIncludes bibliographical references and index. 327 $aIntroduction : the distribution and dissemination of popular print / Roeland Harms, Joad Raymond and Jeroen Salman -- Print peddling and urban culture in Renaissance Italy / Rosa Salzberg -- Pedlars in the Netherlands from 1600 to 1850 : nuisance or necessity? / Jeroen Salman -- 'Selling prints for the Remondini' : Italian pedlars travelling through Europe during the eighteenth century / Alberto Milano -- 'Wandering with pamphlets' : the infrastructure of news circulation in civil war England / Jason Peacey -- The cries of London from the Renaissance to the nineteenth century : a short history / Sean Shesgreen -- Peddling in texts and images : the Dutch visual perspective / Karen Bowen -- Costumes and customs in print : travel, ethnography, and the representation of street-sellers in early modern Italy / Melissa Calaresu -- The dissemination of Quaker pamphlets in the 1650s / Kate Peters -- International news and the seventeenth-century English newspaper / Joad Raymond -- Storehouses of news : the meaning of early modern news periodicals in Western Europe / Joop W. Koopmans -- 'All the world is led and rul'd by opinion' : the relationship between printed news and public opinion / Roeland Harms -- The development and distribution of the first educational print series in the Netherlands, 1800-1820 / Jo Thijssen. 330 $aCheap print moved across Europe in surprising ways, crossing unusual distances by unusual routes and by unusual means. Pedlars, news, and cheap print defy the conventional categories and models of distribution: we need to think about their extraordinary diversity, and about the means by which their unstable cultural images inflect distribution. Books were not dead things, and the examination of Italy, the Netherlands and Britain, three regions that contain instructive parallels and contrasts, reveals their unpredictable liveliness. This collection of essays, which emerges from transnational dialogues about pedlars and commerce and communication, examines the various means by which cheap print moved across Europe, and the cultural and material and economic premises of the European landscape of printing Contributors include: Alberto Milano; Jason Peacey; Jeroen Salman; Jo Thijssen; Joad Raymond; Joop Koopmans; Karen Bowen; Kate Peters; Melissa Calaresu; Roeland Harms; Rosa Salzberg; Sean Shesgreen. 410 0$aLibrary of the written word ;$v30. 606 $aBook industries and trade$zEurope, Western$xHistory 606 $aPrinting$zEurope, Western$xHistory 606 $aPublishers and publishing$zEurope, Western$xHistory 606 $aEuropean newspapers$xHistory 606 $aPopular literature$zEurope, Western$xHistory 615 0$aBook industries and trade$xHistory. 615 0$aPrinting$xHistory. 615 0$aPublishers and publishing$xHistory. 615 0$aEuropean newspapers$xHistory. 615 0$aPopular literature$xHistory. 676 $a686.2094 701 $aSalman$b Jeroen$01644018 701 $aHarms$b Roeland$f1979-$01644019 701 $aRaymond$b Joad$0254017 801 0$bMiAaPQ 801 1$bMiAaPQ 801 2$bMiAaPQ 906 $aBOOK 912 $a9910822202103321 996 $aNot dead things$93989599 997 $aUNINA